000 00645nam a22001817a 4500
008 160204b xxu||||| |||| 00| 0 eng d
020 _a0-02-635873-5
082 _21996
_aDC 425
_bR81w
100 _922000
_aRoyster, Jacqueline Jones
245 _aWriter's choice:
_bgrammar and composition /
_cJacqueline Jone Royster , Mark Lester
260 _aNew York, N.Y. :
_bGlencoe/McGraw-Hill,
_c©1996.
300 _axxii, 570 pages :
_bcolor illustrations ;
_c26 cm.
500 _aIncludes index.
650 0 _922002
_a Language arts (Secondary)
650 0 _922003
_aComposition (Language arts)
700 _922004
_aMark Lester
942 _2ddc
_cDC
999 _c7261
_d7261